| LEADER | 01135nam a2200361 4500 | ||
|---|---|---|---|
| 001 | 000008348 | ||
| 003 | 4535 | ||
| 005 | 20120604080626.0 | ||
| 008 | 111017s1996 viesd | ||
| 020 | |c 25000đ | ||
| 041 | 0 | |a vie | |
| 082 | |a 539.07 |b GA-R | ||
| 100 | 0 | |a Ronald Gautreau |e Tác giả | |
| 245 | 0 | |a Vật lý hiện đại |b (Lý thuyết và bài tập) |c Ronald Gautreau - William Savin | |
| 260 | |a H. |b Giáo dục |c 1996 | ||
| 300 | |a 489 tr. |c 21 cm | ||
| 504 | |a Phụ lục tr. 476 | ||
| 653 | |a Vật lý | ||
| 653 | |a Hiện đại | ||
| 653 | |a Lý thuyết | ||
| 653 | |a Bài tập | ||
| 700 | |a William Savin |a Ronald Gautreau | ||
| 910 | |a duyên | ||
| OWN | |a LSP | ||
| AVA | |a UDN50 |b LSP |d 539.07 GA-R |e available |t Error 5001 Not defined in file expand_doc_bib_avail. |f 7 |g 2 |h N |i 0 |k 1 | ||
| 999 | |a From the UDN01 | ||
| AVA | |a UDN50 |b LSP |d 539.07 GA-R |e available |t Error 5001 Not defined in file expand_doc_bib_avail. |f 7 |g 2 |h N |i 0 |k 1 | ||
| TYP | |a Monograph | ||
| TYP | |a Printed language | ||
| 980 | |a Mạng thư viện Đại học Đà Nẵng | ||